| 000 | 00443nam a2200169 a 4500 | ||
|---|---|---|---|
| 001 | 0000-9271 | ||
| 003 | ELIB.Books | ||
| 008 | 110520 2002 | ||
| 035 | _a(ELIB.Books)0000-9423 | ||
| 082 |
_a230.0415 _bVia |
||
| 100 | _aVia, Dan O. | ||
| 245 | _aWhat Is New Testament Theology? | ||
| 260 |
_bMinneaplis: Fortress Press _c2002 |
||
| 650 | _aNew Testament - Theology | ||
| 942 |
_2ddc _cBK |
||
| 998 |
_cbat _e2011-05-20 |
||
| 999 |
_c9271 _d9271 |
||